Celostní kompetentnost osobnosti Tomáše Bati zakladatele, jako světové podnikatelské a manažerské osobnosti

Prezentácia osobnosti Tomáša Baťu ako celostnej osobnosti, ktorá dokázala vybudovať nadnárodnú spoločnosť na základe svojho osobnostného príkladu.

Salvato in:
Dettagli Bibliografici
Autore principale: Končitíková, Gabriela
Natura: Capitolo di libro
Lingua:ceco
Soggetti:
Tags: Aggiungi Tag
Nessun Tag, puoi essere il primo ad aggiungerne!!

MARC

LEADER 00000naa a2200000 4500
001 0184184
005 20231011111148.4
041 0 |a cze 
044 |a SK 
245 1 0 |a Celostní kompetentnost osobnosti Tomáše Bati zakladatele, jako světové podnikatelské a manažerské osobnosti  |c Gabriela Končitíková 
520 |a Prezentácia osobnosti Tomáša Baťu ako celostnej osobnosti, ktorá dokázala vybudovať nadnárodnú spoločnosť na základe svojho osobnostného príkladu. 
610 2 0 |a manažéri 
610 2 0 |a osobnosť 
610 2 0 |a riadenie podnikové 
610 2 0 |a podnikanie zodpovedné 
610 2 0 |a zodpovednosť spoločenská 
610 2 0 |a Baťa Tomáš 
100 1 |a Končitíková, Gabriela